Представление документа в формате MARC21

ПолеНазваниеЗначение
  Тип записи a
  Библиографический уровень m
001 Контрольный номер RU\infra-m\znanium\bibl\2122974
005 Дата корректировки 20260429142121.8
008 Кодируемые данные 250114s2024 RU g rus u
020 Индекс ISBN __
a ISBN 978-5-16-019472-1
020 Индекс ISBN __
a ISBN 978-5-16-112090-3 (электр. издание)
040 Источник каталогиз. __
a Служба первич. каталог. Общество с ограниченной ответственностью «ЗНАНИУМ»
041 Код языка издания __
a Код языка текста rus
044 Код страны публикации __
a Код страны публикации RU
080 Индекс УДК __
a Индекс УДК 811.111(075.8)
084 Индекс другой классификации/Индекс ББК __
2 Источник индекса rubbk
a Индекс другой классификации/Индекс ББК 81.432.1я73
084 Индекс другой классификации/Индекс ББК __
2 Источник индекса okso
a Индекс другой классификации/Индекс ББК 43.03.03
100 Автор __
a Автор Миронова Д.А.
q Полное имя Миронова Дина Александровна
u Дополнение Российский экономический университет им. Г.В. Плеханова
245 Заглавие __
a Заглавие Гостиничное дело: английский язык в профессиональной сфере. Professional English in Hospitality Industry
b Продолж. заглавия Учебное пособие
c Ответственность Российский экономический университет им. Г.В. Плеханова
250 Сведения об издании __
a Основные сведения об издании 1
260 Выходные данные __
a Место издания Москва
b Издательство ООО "Научно-издательский центр ИНФРА-М"
c Дата издания 2025
300 Физическое описание __
a Объем 199 с.
440 Серия __
a Серия Высшее образование
520 Аннотация __
a Аннотация В учебном пособии представлены теоретические и практические вопросы организации гостиничного дела тенденции и современные концепции его развития. Сочетание теоретического и практического материалов наличие примеров из практики гостиничного дела позволит овладеть всеми профессиональными компетенциями. Состоит из 12 разделов посвященных таким темам как особенности индустрии гостеприимства организационная структура отелей перспективы в карьере и управление отелями классификация отелей услуги и сервисы гостиницы и т.д. Материал подобран из аутентичных источников на основе которых разработаны упражнения для совершенствования лексических навыков и навыков говорения. Соответствует требованиям федеральных государственных образовательных стандартов высшего образования последнего поколения. Предназначено для студентов обучающихся по направлению подготовки 43.03.03 «Гостиничное дело».
521 Примеч. о цел. назн. __
a Примеч. о целев. назн. Профессиональное образование
650 Тематические рубрики __
a Основная рубрика Филологические науки
x Основная подрубрика Английский язык
655 Указ. предметных рубрик (устаревшее) __
a Жанр/ форма (устаревшее) Учебное пособие
700 Другие авторы __
a Другие авторы Калашникова Н.А.
q Полное имя Калашникова Наталья Афанасьевна
u Дополнение Российский экономический университет им. Г.В. Плеханова
700 Другие авторы __
a Другие авторы Малыхина И.А.
q Полное имя Малыхина Инна Александровна
u Дополнение Российский экономический университет им. Г.В. Плеханова
700 Другие авторы __
a Другие авторы Година Д.Х.
q Полное имя Година Джамиля Хасяновна
u Дополнение Российский экономический университет им. Г.В. Плеханова
856 Электронный адрес документа 4_
a Имя сервера/домена znanium.ru
m Помощь ebs_support@infra-m.ru
n Местонахождение сервера НИЦ ИНФРА-М
u URL https://znanium.ru/catalog/document?id=458114
856 Электронный адрес документа 48
a Имя сервера/домена znanium.ru
d Путь /cover/2122
f Электронное имя 2122974.jpg
q Тип электронного формата image/jpeg
u URL https://znanium.ru/cover/2122/2122974.jpg
911 __
u 0030=https://znanium.ru/catalog/document?id=458114